000 00271nam a22001217a 4500
082 _a823
_bPAI/A
100 _aPAI, ANANT
245 _aASHOKA I CHANDRAGUPTA
260 _aMUMBAI
_bAMAR CHITHRA KATHA PVT. LTD
300 _a63
650 _aENGLISH SHORT STORY
942 _cBK
999 _c3383
_d3383